Catholic University of Zimbabwe Library
Online Public Access Catalogue
(OPAC)

Mongameli Mabona (Record no. 27281)

MARC details
000 -LEADER
fixed length control field 01898cam a22003614a 4500
001 - CONTROL NUMBER
control field muse93292
003 - CONTROL NUMBER IDENTIFIER
control field MdBmJHUP
005 - DATE AND TIME OF LATEST TRANSACTION
control field 20210127151846.0
006 - FIXED-LENGTH DATA ELEMENTS--ADDITIONAL MATERIAL CHARACTERISTICS
fixed length control field m o d
007 - PHYSICAL DESCRIPTION FIXED FIELD--GENERAL INFORMATION
fixed length control field cr||||||||nn|n
008 - FIXED-LENGTH DATA ELEMENTS--GENERAL INFORMATION
fixed length control field 200925s2020 be o 00 0 eng d
020 ## - INTERNATIONAL STANDARD BOOK NUMBER
International Standard Book Number 9789461663610
020 ## - INTERNATIONAL STANDARD BOOK NUMBER
Canceled/invalid ISBN 9789462702554
020 ## - INTERNATIONAL STANDARD BOOK NUMBER
Canceled/invalid ISBN 9462702551
035 ## - SYSTEM CONTROL NUMBER
System control number (OCoLC)1220874845
040 ## - CATALOGING SOURCE
Original cataloging agency MdBmJHUP
Transcribing agency MdBmJHUP
100 1# - MAIN ENTRY--PERSONAL NAME
Personal name Wolff, Ernst.
245 10 - TITLE STATEMENT
Title Mongameli Mabona
Remainder of title His Life and Work /
Statement of responsibility, etc. Ernst Wolff.
264 #1 - PRODUCTION, PUBLICATION, DISTRIBUTION, MANUFACTURE, AND COPYRIGHT NOTICE
Name of producer, publisher, distributor, manufacturer Leuven UP
264 #3 - PRODUCTION, PUBLICATION, DISTRIBUTION, MANUFACTURE, AND COPYRIGHT NOTICE
Name of producer, publisher, distributor, manufacturer Project MUSE,
300 ## - PHYSICAL DESCRIPTION
Extent 1 online resource (200 p.)
506 0# - RESTRICTIONS ON ACCESS NOTE
Terms governing access Open Access
Standardized terminology for access restriction Unrestricted online access
Source of term star
520 8# - SUMMARY, ETC.
Summary, etc. Mongameli Anthony Mabona (1929) is a singular South African scholar with an exceptional life path. The history of British imperialism and apartheid shaped the world into which he was born. To a large extent, these powers had his destiny carved out for him. Nevertheless, a curious set of coincidences enabled him to obtain a tertiary education as a priest, to pursue his doctoral studies in Italy and to befriend Alioune Diop. He is one of the first published philosophers of Anglophone Africa and holds doctorates in theology and anthropology. His opposition to institutionalised racism ? including co-authoring the 1970 'Black Priests' Manifesto' - eventually led to his exile. This book documents his life and offers a synoptic reading of his scholarly and poetic work.
588 ## - SOURCE OF DESCRIPTION NOTE
Source of description note Description based on print version record.
655 #7 - INDEX TERM--GENRE/FORM
Genre/form data or focus term Electronic books.
Source of term local
710 2# - ADDED ENTRY--CORPORATE NAME
Corporate name or jurisdiction name as entry element Project Muse.
Relator term distributor
830 #0 - SERIES ADDED ENTRY--UNIFORM TITLE
Uniform title Book collections on Project MUSE.
856 40 - ELECTRONIC LOCATION AND ACCESS
Public note Full text available:
Uniform Resource Identifier <a href="https://muse.jhu.edu/book/81329/">https://muse.jhu.edu/book/81329/</a>
Holdings
Withdrawn status Lost status Source of classification or shelving scheme Damaged status Not for loan Home library Current library Shelving location Date acquired Total Checkouts Date last seen Uniform Resource Identifier Price effective from Koha item type
          Digital Library Digital Library Online Access 27.01.2021   27.01.2021 https://muse.jhu.edu/book/81329/ 27.01.2021 eBook

OPENING HOURS

Weekdays: 0815hrs - 1800hrs
Weekends:0900hrs - 1200hrs

Closed for Mass:

Mon, Thur: 1200hrs - 1300hrs
Sunday & Public Holiday’s

CALL SUPPORT

0242-570570, 0242-570169
09200664, +263 8644140602

LOCATION

18443, Cranborne Avenue, Hatfield, Harare

Other Links


©2021 | CUZ Library